000 00398nam a2200157 a 4500
001 9885
005 20180713193919.0
008 140415s1988 000 0 spa d
041 _aspa
082 _a330.1
_bSMI
100 1 _aSMITH, ADAM
245 1 0 _aRIQUEZA DE LAS NACIONES
250 _a6a ed.
260 _a[s.l.] :
_bPUBLICACIONES CRUZ,
_c1988
650 1 4 _aECONOMIA
_xTEORIAS
999 _c9885
_d9885